| 000 | 00680nam a2200217 i 4500 | ||
|---|---|---|---|
| 001 | 80154 | ||
| 003 | ES-MaACL | ||
| 005 | 20250925165339.0 | ||
| 007 | t| | ||
| 008 | 041026s1980 sp ||||1| spa d | ||
| 245 | 0 | 0 |
_aHistoria moderna / _cM.B. Benassar ... [et al.] ; [traducción, Dolores Fonseca, Ana Clara Guerrero]. |
| 260 |
_a[Madrid] : _bAkal, _c[1980] |
||
| 300 |
_a1068 p. ; _c23 cm. |
||
| 490 | 1 | _aAkal/textos | |
| 700 | 1 |
_aBennassar, Bartolomé, _d1929- _927727 |
|
| 700 | 1 |
_aFonseca, Dolores. _951518 |
|
| 700 | 1 |
_aGuerrero, Ana Clara. _960533 |
|
| 830 | 0 | 0 |
_aAkal/Textos _9231480 |
| 852 |
_aES-MaACL _jC-52331 _bR.100511 |
||
| 999 |
_c80154 _d80154 |
||